Barrio Urbanism : Chicanos, Planning, and American Cities /
Obra en que se revisa, por un lado, cómo se ha insertado el modelo de barrio de origen mexicano en el desarrollo urbano de las ciudades del sureste californiano y por otro, cómo, una vez que este modelo ha sido considerado por las autoridades locales y federales como parte del desarrollo regional, l...
محفوظ في:
| المؤلف الرئيسي: | |
|---|---|
| التنسيق: | كتاب |
| اللغة: | الإنجليزية |
| منشور في: |
Nueva York, EUA :
Routledge,
2005, c2005
|
| الموضوعات: | |
| الوسوم: |
لا توجد وسوم, كن أول من يضع وسما على هذه التسجيلة!
|
MARC
| LEADER | 00000nam^a2200000^a^4500 | ||
|---|---|---|---|
| 001 | 000183358 | ||
| 005 | 20250521000000.0 | ||
| 009 | 20260310102037.899 | ||
| 020 | |a 0-415-94542-9 | ||
| 037 | |a Acervo ITESO - Biblioteca | ||
| 041 | |a ING | ||
| 082 | |a 711. 4097394 |b DIA | ||
| 100 | |a Diaz, David R. |e (autor) | ||
| 245 | 1 | 0 | |a Barrio Urbanism : |b Chicanos, Planning, and American Cities / |c D.R. Diaz. |
| 264 | 4 | |a Nueva York, EUA : |b Routledge, |c 2005, c2005 | |
| 300 | |a XII, 347 p. | ||
| 336 | |a texto |b txt |2 rdacontenido | ||
| 337 | |a sin mediación |b n |2 rdamedio | ||
| 338 | |a volumen |b nc |2 rdasoporte | ||
| 520 | |a Obra en que se revisa, por un lado, cómo se ha insertado el modelo de barrio de origen mexicano en el desarrollo urbano de las ciudades del sureste californiano y por otro, cómo, una vez que este modelo ha sido considerado por las autoridades locales y federales como parte del desarrollo regional, los habitantes deben luchar por que se proteja el ambiente, la justicia social y el correcto uso del suelo en sus comunidades. | ||
| 649 | |a XX | ||
| 650 | |a Chicanos - |x Condiciones Sociales y Culturales | ||
| 650 | |a Racismo - |z California, EUA - |x Historia - |y Siglo XX | ||
| 650 | |a Discriminación - |z California, EUA - |x Historia - |y Siglo XX | ||
| 650 | |a Minorías - |z California, EUA - |x Historia - |y Siglo XX | ||
| 650 | |a Problemática Habitacional - |z California, EUA - |x Historia - |y Siglo XX | ||
| 650 | |a Barrios - |z California, EUA - |x Historia - |y Siglo XX | ||
| 650 | |a Zonas Urbanas - |z California, EUA - |x Historia - |y Siglo XX | ||
| 650 | |a Uso del Suelo - |z California, EUA - |x Historia - |y Siglo XX | ||
| 650 | |a Zonificación Urbana - |z California, EUA - |x Historia - |y Siglo XX | ||
| 650 | |a Planeación Urbana - |z California, EUA - |x Historia - |y Siglo XX | ||
| 650 | |a Política Urbana - |z California, EUA - |x Historia - |y Siglo XX | ||
| 650 | |a Desarrollo Sustentable - |z California, EUA - |x Historia - |y Siglo XX | ||
| 650 | |a Desarrollo Regional - |z California, EUA - |x Historia - |y Siglo XX | ||
| 650 | |a Desarrollo Urbano - |z California, EUA - |x Historia - |y Siglo XX | ||
| 650 | |a Desarrollo Urbano - |z EUA - |x Historia - |y Siglo XX | ||
| 650 | |a Urbanismo - |z California, EUA - |x Historia - |y Siglo XX | ||
| 650 | |a Urbanismo - |z EUA - |x Historia - |y Siglo XX | ||
| 910 | |a Fondo General | ||
| 920 | |a Impresos - Libros | ||
| 930 | |a Colección General | ||
| 905 | |a 101 | ||
| 901 | |a 0500123792 |b IT1 |c ACC |u 20250521 | ||
| 902 | |a https://opac.biblio.iteso.mx/vufind/Record/000183358 | ||